[Event "7th EUR-ch"]
[Site "Kusadasi TUR"]
[Date "2006.04.14"]
[Round "10.5"]
[White "Gurevich, Mikhail"]
[Black "Macieja, Bartlomiej"]
[Result "1/2-1/2"]
[WhiteElo "2643"]
[BlackElo "2584"]
[EventDate "2006.04.04"]
[PlyCount "202"]

1.d4 e6 2.c4 b6 3.a3 d5 4.Nc3 Nf6 5.cxd5 exd5 6.Bg5 Be7 7.e3 O-O 8.Nf3 Bb7
9.Qc2 Ne4 10.Bf4 Bd6 11.Bxd6 cxd6 12.Qb3 Nxc3 13.Qxc3 Nd7 14.Bd3 Nf6 15.
O-O Qd7 16.Rfc1 Rfc8 17.Qe1 g6 18.Nd2 Qa4 19.Qe2 Rxc1+ 20.Rxc1 Rc8 21.
Rxc8+ Bxc8 22.Nb1 Bb7 23.Nc3 Qd7 24.f3 h5 25.h4 Kf8 26.Kf1 Bc6 27.Ke1 Ne8 
28.Kd2 Nc7 29.g4 hxg4 30.fxg4 Ne8 31.Qf3 Qe6 32.Ne2 Kg7 33.Nf4 Qe7 34.g5 
Nc7 35.Qg2 Ne6 36.Nxd5 Qb7 37.Be4 Bxd5 38.Bxd5 Qd7 39.Qf3 Nc7 40.Bc4 d5 
41.Qf6+ Kg8 42.Bd3 Ne6 43.Qe5 Nd8 44.Qb8 Kg7 45.Qe5+ Kg8 46.Qh2 Ne6 47.Kc1
Qc7+ 48.Qxc7 Nxc7 49.Kd2 Kf8 50.Ke2 Ke7 51.Kf3 Ne6 52.Bf1 f6 53.gxf6+ Kxf6
54.Bh3 Nc7 55.e4 Nb5 56.Ke3 Ke7 57.Bf1 Nd6 58.Bd3 dxe4 59.Bxe4 Nc4+ 60.Kd3
Nxb2+ 61.Kc3 Nd1+ 62.Kd2 Nb2 63.Bxg6 Nc4+ 64.Kc3 Nd6 65.Bd3 Kf6 66.Kd2 b5 
67.Ke3 a5 68.Kf4 b4 69.a4 b3 70.Ke3 Nc8 71.Kd2 Nb6 72.Bb5 Kf5 73.Be8 Nc4+ 
74.Kc3 b2 75.Kc2 Kg4 76.h5 Kg5 77.Kb1 Nd6 78.Bg6 Nc4 79.Ka2 Nb6 80.Be8 Nc4
81.d5 Nd6 82.Bg6 Nc4 83.Bd3 Ne5 84.Be2 Nd7 85.d6 Nc5 86.Bb5 Kxh5 87.Kxb2 
Kg5 88.d7 Ne6 89.Bf1 Kf6 90.Bh3 Nd8 91.Kc3 Ke7 92.Kc4 Nc6 93.Kb5 Ne5 94.
Kxa5 Nxd7 95.Kb5 Kd6 96.a5 Kc7 97.Bf5 Ne5 98.a6 Kb8 99.Kb6 Nc4+ 100.Kc5 
Ka7 101.Kxc4 Kxa6 1/2-1/2

[Event "7th EUR-ch"]
[Site "Kusadasi TUR"]
[Date "2006.04.14"]
[Round "10.6"]
[White "Nijboer, Friso"]
[Black "Fressinet, Laurent"]
[Result "1/2-1/2"]
[WhiteElo "2584"]
[BlackElo "2633"]
[EventDate "2006.04.04"]
[PlyCount "39"]

1.e4 e5 2.Nf3 Nc6 3.Bb5 a6 4.Ba4 Nf6 5.O-O b5 6.Bb3 Bc5 7.c3 d6 8.a4 Bg4 
9.h3 Bh5 10.d3 Rb8 11.axb5 axb5 12.Re1 O-O 13.Nbd2 b4 14.Ba4 Na5 15.Nf1 
bxc3 16.bxc3 Bxf3 17.Qxf3 Nb3 18.Bxb3 Rxb3 19.Bd2 Nd7 20.Reb1 1/2-1/2

[Event "7th EUR-ch"]
[Site "Kusadasi TUR"]
[Date "2006.04.14"]
[Round "10.7"]
[White "Balogh, Csaba"]
[Black "Inarkiev, Ernesto"]
[Result "0-1"]
[WhiteElo "2576"]
[BlackElo "2602"]
[EventDate "2006.04.04"]
[PlyCount "92"]

1.e4 g6 2.d4 Bg7 3.Nc3 d6 4.Bg5 Nd7 5.Qd2 c5 6.Nf3 a6 7.O-O-O cxd4 8.Nxd4 
b5 9.f3 Bb7 10.Nd5 h6 11.Be3 Rc8 12.Kb1 e6 13.Nc3 Ne5 14.Ndxb5 axb5 15.
Nxb5 d5 16.Qb4 Bf8 17.Qa4 Qd7 18.exd5 exd5 19.f4 Nc4 20.Re1 Be7 21.Bd4 Kf8
22.Bxc4 Rxc4 23.Qa7 Rh7 24.a4 f5 25.b3 Rc8 26.Bb2 Nf6 27.Rxe7 Kxe7 28.Ba3+
Ke6 29.Nd6 Rc6 30.Qd4 Rxd6 31.Qe5+ Kf7 32.Qxd6 Qxd6 33.Bxd6 Ke6 34.Be5 Bc6
35.Re1 Ne4 36.Kb2 g5 37.Re3 h5 38.a5 h4 39.b4 Bb5 40.Bd4 gxf4 41.Rf3 h3 
42.gxh3 Be2 43.Ra3 Nd6 44.Rc3 Rb7 45.Kb3 Nb5 46.Be5 Kxe5 0-1

[Event "7th EUR-ch"]
[Site "Kusadasi TUR"]
[Date "2006.04.14"]
[Round "10.8"]
[White "Kotronias, Vasilios"]
[Black "Anastasian, Ashot"]
[Result "1/2-1/2"]
[WhiteElo "2598"]
[BlackElo "2553"]
[EventDate "2006.04.04"]
[PlyCount "97"]

1.e4 c6 2.d4 d5 3.Nc3 dxe4 4.Nxe4 Bf5 5.Ng3 Bg6 6.h4 h6 7.Nf3 Nd7 8.h5 Bh7
9.Bd3 Bxd3 10.Qxd3 e6 11.Bf4 Qa5+ 12.Bd2 Qc7 13.O-O-O Ngf6 14.Ne4 O-O-O 
15.g3 Be7 16.Kb1 c5 17.Bf4 Qc6 18.Nxf6 Bxf6 19.d5 exd5 20.Qxd5 Ne5 21.
Qxc6+ Nxc6 22.c3 Rxd1+ 23.Rxd1 Re8 24.Kc2 b6 25.Rd5 Re2+ 26.Rd2 Re6 27.b3 
a6 28.a3 Na5 29.c4 Nc6 30.Be3 a5 31.a4 Nb4+ 32.Kc1 Nc6 33.Kc2 Nb4+ 34.Kc1 
Nc6 35.Rd1 Nb4 36.Kd2 Nc6 37.Re1 Ne5 38.Nxe5 Bxe5 39.g4 Kd7 40.Rg1 Ke7 41.
g5 hxg5 42.Rxg5 Rd6+ 43.Ke2 Bf6 44.Rg4 Ke6 45.h6 gxh6 46.Bxh6 Kf5 47.Rg8 
Re6+ 48.Be3 Bd4 49.Rg5+ 1/2-1/2

[Event "7th EUR-ch"]
[Site "Kusadasi TUR"]
[Date "2006.04.14"]
[Round "10.10"]
[White "Naiditsch, Arkadij"]
[Black "Minasian, Artashes"]
[Result "1-0"]
[WhiteElo "2664"]
[BlackElo "2574"]
[EventDate "2006.04.04"]
[PlyCount "93"]

1.e4 c6 2.d4 d5 3.e5 Bf5 4.Nc3 e6 5.g4 Bg6 6.Nge2 Be7 7.Bg2 Nd7 8.Be3 Nb6 
9.O-O Nc4 10.Bc1 Bb4 11.f4 f5 12.exf6 Nxf6 13.f5 exf5 14.gxf5 Bh5 15.Qd3 
Bxe2 16.Nxe2 Qb6 17.Kh1 Be7 18.b3 Nd6 19.c4 Nde4 20.Nf4 O-O 21.cxd5 cxd5 
22.Nxd5 Nxd5 23.Qxe4 Rad8 24.Qe6+ Kh8 25.Bxd5 Qxd4 26.Bg2 Qxa1 27.Qxe7 
Rde8 28.Qa3 Qd4 29.Bb2 Qb6 30.b4 Re3 31.Qa5 Qxa5 32.bxa5 Re2 33.Bd4 Rd2 
34.Bxa7 Rxa2 35.Bb6 Rb8 36.Rd1 h5 37.h3 Kh7 38.Rd7 Rf8 39.Rxb7 Ra1+ 40.Kh2
Rxf5 41.Be4 Ra2+ 42.Kh1 Ra1+ 43.Bg1 Rxa5 44.Rf7 Re5 45.Bxf5+ Kg8 46.Rxg7+ 
Kxg7 47.Bd4 1-0

[Event "7th EUR-ch"]
[Site "Kusadasi TUR"]
[Date "2006.04.14"]
[Round "10.19"]
[White "Svetuschin, Dumitru"]
[Black "Jobava, Baadur"]
[Result "0-1"]
[WhiteElo "2552"]
[BlackElo "2646"]
[EventDate "2006.04.04"]
[PlyCount "56"]

1.e4 c5 2.Nf3 d6 3.d4 cxd4 4.Nxd4 Nf6 5.Nc3 a6 6.Be3 Ng4 7.Bg5 h6 8.Bh4 g5
9.Bg3 Bg7 10.h3 Nf6 11.Qf3 Qb6 12.O-O-O Nc6 13.Nxc6 Qxc6 14.Nd5 Be6 15.Kb1
Rc8 16.c3 Qa4 17.Rd4 Qa5 18.Rd2 Rc5 19.b4 Bxd5 20.exd5 Qb6 21.Be2 O-O 22.
Rc1 Rfc8 23.Rb2 Rxd5 24.Bd3 Qc6 25.Qe2 Rxd3 26.Qxd3 Ne4 27.Rbc2 Nxc3+ 28.
Kb2 Qb5 0-1

[Event "7th EUR-ch"]
[Site "Kusadasi TUR"]
[Date "2006.04.14"]
[Round "10.21"]
[White "Delchev, Alexander"]
[Black "Berg, Emanuel"]
[Result "0-1"]
[WhiteElo "2640"]
[BlackElo "2539"]
[EventDate "2006.04.04"]
[PlyCount "74"]

1.e4 e6 2.d4 d5 3.Nc3 Bb4 4.e5 c5 5.a3 Bxc3+ 6.bxc3 Ne7 7.Qg4 O-O 8.Bd3 
Nbc6 9.Qh5 Ng6 10.Nf3 Qc7 11.Be3 Nce7 12.h4 Bd7 13.Qg4 f5 14.Qh3 cxd4 15.
cxd4 Bb5 16.Bxb5 Qa5+ 17.Bd2 Qxb5 18.h5 Nh8 19.Bb4 Rfe8 20.Qh4 Qd7 21.Rh3 
Nf7 22.Rg3 Kh8 23.O-O-O Ng8 24.Ng1 a5 25.Be1 Qa4 26.Ne2 Rac8 27.Rd2 Re7 
28.h6 g5 29.Qh3 g4 30.Qh5 Ngxh6 31.Kb2 Rec7 32.Rb3 Rc4 33.c3 b5 34.Qh4 Ng8
35.Nf4 b4 36.Rc2 bxa3+ 37.Ka2 Rb4 0-1

[Event "7th EUR-ch"]
[Site "Kusadasi TUR"]
[Date "2006.04.14"]
[Round "10.22"]
[White "Dgebuadze, Alexandre"]
[Black "Fedorov, Alexei"]
[Result "1/2-1/2"]
[WhiteElo "2535"]
[BlackElo "2614"]
[EventDate "2006.04.04"]
[PlyCount "133"]

1.e4 c5 2.Nf3 d6 3.d4 cxd4 4.Qxd4 a6 5.c4 Nc6 6.Qe3 g6 7.Bd2 Bg7 8.Nc3 Bg4
9.h3 Bxf3 10.Qxf3 Nf6 11.Qd1 O-O 12.Be2 Nd7 13.O-O Nc5 14.Bf3 Rc8 15.Rb1 
e6 16.Be3 Qe7 17.Qd2 Rfd8 18.Rfc1 a5 19.Rd1 b6 20.Rbc1 h5 21.Bg5 Bf6 22.
Bxf6 Qxf6 23.Qe3 h4 24.Rd2 Ne5 25.Be2 g5 26.Rcd1 Rc6 27.Nb5 Qf4 28.Qxf4 
gxf4 29.Rxd6 Rcxd6 30.Rxd6 Rxd6 31.Nxd6 Na4 32.Nc8 Nd7 33.g3 fxg3 34.fxg3 
hxg3 35.Kg2 Nxb2 36.Kxg3 Na4 37.a3 Nc3 38.Bd3 Nc5 39.Bc2 b5 40.Ne7+ Kg7 
41.Nc6 bxc4 42.a4 Nd3 43.Nxa5 Nb4 44.Nxc4 Nxc2 45.a5 Nxe4+ 46.Kf4 Nc5 47.
Ke5 Nb4 48.Kd6 Ne4+ 49.Ke7 Nf6 50.Ne5 Nfd5+ 51.Kd6 Na6 52.h4 Nac7 53.h5 f6
54.Ng4 f5 55.Ne5 f4 56.a6 Kf6 57.Ng4+ Kf5 58.h6 Kg6 59.a7 Na8 60.Kxe6 Ne3 
61.Ke5 Nxg4+ 62.Kxf4 Nf6 63.h7 Kxh7 64.Kf5 Kg7 65.Ke5 Kg6 66.Ke6 Ne8 67.
Ke5 1/2-1/2

[Event "7th EUR-ch"]
[Site "Kusadasi TUR"]
[Date "2006.04.14"]
[Round "10.23"]
[White "Guseinov, Gadir"]
[Black "Cvitan, Ognjen"]
[Result "1-0"]
[WhiteElo "2615"]
[BlackElo "2527"]
[EventDate "2006.04.04"]
[PlyCount "95"]

1.e4 c5 2.Nc3 d6 3.Nf3 a6 4.d4 cxd4 5.Nxd4 e6 6.g3 Nf6 7.Bg2 Qc7 8.O-O Be7
9.f4 Nc6 10.Be3 O-O 11.Kh1 Bd7 12.Nb3 b5 13.a3 Rad8 14.Qf3 Be8 15.Rad1 b4 
16.axb4 Nxb4 17.Nd4 Nc6 18.g4 Nxd4 19.Bxd4 Bc6 20.g5 Nd7 21.Qh5 e5 22.Be3 
exf4 23.Rxf4 Ne5 24.Rh4 h6 25.Rh3 Rb8 26.Bc1 Rb4 27.Rg3 Re8 28.Rf1 Bf8 29.
gxh6 g6 30.h7+ Kh8 31.Qe2 a5 32.Qf2 Bg7 33.Bg5 Qb6 34.Be3 Qb7 35.Bg5 Qb6 
36.Qd2 Qd4 37.Qf4 Nd7 38.Rd1 Qe5 39.Qxf7 Rxb2 40.Qxg6 Re6 41.Qf7 Rb8 42.
Bf4 Re7 43.Qg8+ Rxg8 44.hxg8=Q+ Kxg8 45.Bxe5 Nxe5 46.Rxd6 a4 47.Bh3 Kf7 
48.Be6+ 1-0

[Event "7th EUR-ch"]
[Site "Kusadasi TUR"]
[Date "2006.04.14"]
[Round "10.26"]
[White "Azarov, Sergei"]
[Black "Shanava, Konstantine"]
[Result "1-0"]
[WhiteElo "2592"]
[BlackElo "2484"]
[EventDate "2006.04.04"]
[PlyCount "85"]

1.e4 c5 2.Nf3 d6 3.d4 cxd4 4.Nxd4 Nf6 5.Nc3 g6 6.Be3 Bg7 7.f3 a6 8.g4 Nbd7
9.h4 h5 10.g5 Nh7 11.Bc4 O-O 12.Qd2 Nc5 13.O-O-O Bd7 14.Nf5 gxf5 15.g6 Be6
16.gxh7+ Kxh7 17.Rhg1 Bf6 18.Bxe6 fxe6 19.e5 Bxe5 20.Bxc5 dxc5 21.Qg5 Qe8 
22.Rd7 Qf7 23.Qxe7 Qxe7 24.Rxe7+ Kh8 25.Rxe6 Bf4+ 26.Kb1 Rae8 27.Rb6 Rg8 
28.Rxg8+ Rxg8 29.a4 Rg7 30.Rf6 Bg3 31.Rxf5 Rh7 32.Nd5 Bxh4 33.Nf4 Be7 34.
Rxh5 Rxh5 35.Nxh5 Kh7 36.c4 Kh6 37.Nf4 Kg5 38.Nd5 Bd6 39.Kc2 Kh4 40.Kd3 
Kg3 41.Ke3 Kg2 42.f4 Kg3 43.b3 1-0

[Event "7th EUR-ch"]
[Site "Kusadasi TUR"]
[Date "2006.04.14"]
[Round "10.27"]
[White "l`Ami, Erwin"]
[Black "Stefansson, Hannes"]
[Result "1/2-1/2"]
[WhiteElo "2565"]
[BlackElo "2579"]
[EventDate "2006.04.04"]
[PlyCount "139"]

1.e4 e5 2.Nf3 Nc6 3.Bb5 a6 4.Bxc6 dxc6 5.O-O Qd6 6.d3 Ne7 7.Be3 Ng6 8.Nbd2
Be7 9.d4 exd4 10.Nxd4 Ne5 11.h3 c5 12.N4f3 Ng6 13.Nb3 Qc6 14.Nfd2 b6 15.a4
O-O 16.f4 f5 17.e5 Be6 18.Qe2 a5 19.Qf2 Rad8 20.Nc1 Rd7 21.Ne2 Rfd8 22.Nc3
Bf8 23.Qf3 Ne7 24.Rfd1 Nd5 25.Nf1 Qa8 26.Nxd5 Bxd5 27.Qf2 Qc6 28.Ng3 Be6 
29.Rxd7 Rxd7 30.Ne2 Bc4 31.Nc3 Ba6 32.Re1 Bb7 33.Re2 Re7 34.Rd2 Re6 35.Kh2
Rg6 36.Qf1 c4 37.g3 h5 38.h4 Bb4 39.Rd4 Bxc3 40.Rxc4 Qd5 41.Rxc3 Rc6 42.
Rxc6 Bxc6 43.c3 Kf7 44.Bd4 Ke6 45.Kg1 Bb7 46.Qe2 g6 47.Kf2 Qg2+ 48.Ke1 
Qxg3+ 49.Qf2 Qd3 50.Qe2 Qb1+ 51.Kf2 Bd5 52.c4 Be4 53.c5 Bd3 54.Qf3 Qc2+ 
55.Ke1 Qc1+ 56.Qd1 Qc4 57.Be3 bxc5 58.Qd2 Qe4 59.Kf2 c4 60.Qxa5 Qh1 61.
Qa6+ Kf7 62.Qf6+ Ke8 63.Qxg6+ Kd7 64.Qg7+ Kd8 65.Qf6+ Kc8 66.Qa6+ Kd8 67.
Qf6+ Kc8 68.Qf8+ Kb7 69.Qb4+ Kc8 70.Qf8+ 1/2-1/2

[Event "7th EUR-ch"]
[Site "Kusadasi TUR"]
[Date "2006.04.14"]
[Round "10.28"]
[White "Van den Doel, Erik"]
[Black "Esen, Baris"]
[Result "1/2-1/2"]
[WhiteElo "2579"]
[BlackElo "2429"]
[EventDate "2006.04.04"]
[PlyCount "79"]

1.e4 c5 2.Nf3 d6 3.d4 cxd4 4.Nxd4 Nf6 5.Nc3 g6 6.g3 Nc6 7.Bg2 Nxd4 8.Qxd4 
Bg7 9.O-O O-O 10.Qd3 Be6 11.Nd5 Rc8 12.c3 Nxd5 13.exd5 Bf5 14.Qe2 Qd7 15.
a4 Rfe8 16.Re1 e5 17.dxe6 Rxe6 18.Be3 Be4 19.Bxe4 Rxe4 20.Qb5 Qe7 21.Qd3 
a6 22.Red1 Re8 23.Rd2 Bf8 24.Kg2 h5 25.h4 Qd7 26.a5 R8e6 27.Bd4 Bh6 28.Rc2
Qc6 29.f3 Re1 30.Rxe1 Rxe1 31.Re2 Rxe2+ 32.Qxe2 Bg7 33.Bb6 Bf6 34.Qd3 Kf8 
35.Kf2 Ke7 36.Qe3+ Kd7 37.Qf4 Ke6 38.Qe3+ Kd7 39.Qf4 Ke6 40.Qe3+ 1/2-1/2

[Event "7th EUR-ch"]
[Site "Kusadasi TUR"]
[Date "2006.04.14"]
[Round "10.29"]
[White "Postny, Evgeny"]
[Black "Iotov, Valentin"]
[Result "1/2-1/2"]
[WhiteElo "2572"]
[BlackElo "2432"]
[EventDate "2006.04.04"]
[PlyCount "164"]

1.d4 Nf6 2.c4 e6 3.g3 c5 4.d5 exd5 5.cxd5 Bd6 6.Bg2 O-O 7.Nf3 Bc7 8.O-O d6
9.Nc3 a6 10.a4 Re8 11.b3 Nbd7 12.Bb2 Rb8 13.h3 Nf8 14.Nd2 Bd7 15.Kh2 Ng6 
16.Qc2 b5 17.Rae1 h5 18.axb5 axb5 19.e3 Ba5 20.Nd1 c4 21.bxc4 bxc4 22.Re2 
c3 23.Nxc3 Bxc3 24.Qxc3 Bb5 25.Rfe1 Qd7 26.Ba1 Bxe2 27.Rxe2 Qa4 28.Re1 
Rec8 29.Qd3 Qc2 30.Qd4 Ne5 31.Rf1 Ra8 32.Ne4 Nxe4 33.Qxe4 Ra4 34.Bd4 Qxe4 
35.Bxe4 Ra2 36.Kg2 g6 37.Rd1 f5 38.Bb1 Ra4 39.f4 Nf7 40.g4 hxg4 41.hxg4 
Nh6 42.gxf5 Nxf5 43.Bxf5 gxf5 44.Kf3 Ra5 45.Rh1 Rc2 46.Rh8+ Kf7 47.Rh7+ 
Kf8 48.Rh8+ Ke7 49.Rh7+ Ke8 50.Rh8+ Kd7 51.Rh7+ Kc8 52.Rh8+ Kb7 53.Rh7+ 
Rc7 54.Rh6 Rxd5 55.Kg3 Kc6 56.Kh4 Kb5 57.Kg5 Rc8 58.Rh1 Rg8+ 59.Kf6 Kc4 
60.Kf7 Rb8 61.Rd1 Rb3 62.Rc1+ Kd3 63.Ke6 Rbb5 64.Rc6 Rxd4 65.exd4 Kxd4 66.
Ra6 Ke3 67.Ra4 Kf3 68.Kxd6 Kg4 69.Ke6 Rb3 70.Kf6 Rc3 71.Rb4 Ra3 72.Rc4 Ra8
73.Rb4 Rf8+ 74.Ke7 Ra8 75.Kf6 Ra6+ 76.Ke5 Ra2 77.Rc4 Re2+ 78.Kf6 Re4 79.
Rc1 Ra4 80.Rg1+ Kxf4 81.Rf1+ Kg4 82.Rg1+ Kf4 1/2-1/2

[Event "7th EUR-ch"]
[Site "Kusadasi TUR"]
[Date "2006.04.14"]
[Round "10.32"]
[White "Romanov, Evgeny"]
[Black "Kotanjian, Tigran"]
[Result "0-1"]
[WhiteElo "2480"]
[BlackElo "2435"]
[EventDate "2006.04.04"]
[PlyCount "124"]

1.e4 c5 2.Nf3 Nc6 3.Bb5 g6 4.Bxc6 bxc6 5.O-O Bg7 6.Re1 Qc7 7.c3 d6 8.h3 
Rb8 9.d4 cxd4 10.cxd4 Nf6 11.Nc3 O-O 12.b3 c5 13.e5 dxe5 14.dxe5 Rd8 15.
Qe2 Nd5 16.Nxd5 Rxd5 17.Bb2 Qc6 18.Rac1 Ba6 19.Qe3 e6 20.Ba3 Rb5 21.Red1 
Bf8 22.Ng5 Bb7 23.f3 Qc7 24.Bb2 Rxd1+ 25.Rxd1 c4 26.Qe2 h6 27.Ne4 Bxe4 28.
fxe4 Rb7 29.bxc4 Rb4 30.Ba3 Rxc4 31.Bd6 Qc6 32.Qf2 Qxe4 33.Bxf8 Rc2 34.Qf1
Qe3+ 35.Kh1 Rf2 36.Qd3 Qxd3 37.Rxd3 Kxf8 38.Ra3 Re2 39.Ra5 g5 40.Kg1 Kg7 
41.Kf1 Rc2 42.Rxa7 Rc5 43.a4 Rxe5 44.a5 h5 45.a6 Ra5 46.Kf2 Ra3 47.Ke2 
Ra2+ 48.Kf3 h4 49.Ra8 Kf6 50.a7 Kf5 51.Ke3 e5 52.Kd3 e4+ 53.Kd4 Ra5 54.Kc4
e3 55.Kd3 Ra3+ 56.Ke2 Kf4 57.Rc8 Ra2+ 58.Kd3 Rxa7 59.Rc4+ Kg3 60.Kxe3 Ra3+
61.Ke2 Ra2+ 62.Kf1 Rf2+ 0-1

[Event "7th EUR-ch"]
[Site "Kusadasi TUR"]
[Date "2006.04.14"]
[Round "10.34"]
[White "Kempinski, Robert"]
[Black "Brkic, Ante"]
[Result "1/2-1/2"]
[WhiteElo "2586"]
[BlackElo "2526"]
[EventDate "2006.04.04"]
[PlyCount "68"]

1.d4 Nf6 2.c4 g6 3.g3 Bg7 4.Bg2 d5 5.cxd5 Nxd5 6.e4 Nb6 7.Ne2 c5 8.d5 e6 
9.O-O O-O 10.Nec3 Na6 11.a4 exd5 12.exd5 Nc4 13.Nd2 Nxd2 14.Bxd2 Bf5 15.
Be3 Qd7 16.Qb3 Rac8 17.d6 Nb4 18.Bxc5 Nc2 19.Bxa7 Nxa1 20.Rxa1 Qxd6 21.a5 
Be6 22.Qxb7 Bxc3 23.bxc3 Rxc3 24.Qb2 Rd3 25.h4 Rc8 26.Kh2 Bd5 27.Be3 Bxg2 
28.Kxg2 Qd5+ 29.Kh2 Rb3 30.Qa2 Qd3 31.Qa4 Rb2 32.Qd4 Qxd4 33.Bxd4 Rb4 34.
Bf6 Ra8 1/2-1/2

[Event "7th EUR-ch"]
[Site "Kusadasi TUR"]
[Date "2006.04.14"]
[Round "10.36"]
[White "Itkis, Boris"]
[Black "Petrosian, Tigran L."]
[Result "0-1"]
[WhiteElo "2490"]
[BlackElo "2571"]
[EventDate "2006.04.04"]
[PlyCount "60"]

1.e4 d6 2.d4 g6 3.Nc3 Bg7 4.Be3 c6 5.f4 b5 6.Nf3 Nd7 7.Bd3 b4 8.Ne2 Ngf6 
9.a3 bxa3 10.Rxa3 e5 11.h3 Qe7 12.O-O O-O 13.Ng3 Bb7 14.Re1 Ne8 15.Qa1 
exd4 16.Bxd4 Bxd4+ 17.Nxd4 Qf6 18.Nge2 c5 19.Rxa7 Nc7 20.Qa5 cxd4 21.Qxc7 
Rxa7 22.Qxd7 Rfa8 23.Qb5 Ba6 24.Qb6 Bxd3 25.cxd3 Ra1 26.Rxa1 Rxa1+ 27.Kh2 
Re1 28.Qxd4 Qh4 29.Qe3 Qh5 30.g4 Qc5 0-1

[Event "7th EUR-ch"]
[Site "Kusadasi TUR"]
[Date "2006.04.14"]
[Round "10.38"]
[White "Jovanic, Ognjen"]
[Black "Predojevic, Borki"]
[Result "1/2-1/2"]
[WhiteElo "2473"]
[BlackElo "2566"]
[EventDate "2006.04.04"]
[PlyCount "98"]

1.d4 Nf6 2.c4 g6 3.Nc3 d5 4.e3 Bg7 5.Qb3 e6 6.Qa3 Nc6 7.Nf3 Ne7 8.Be2 O-O 
9.Bd2 b6 10.O-O Bb7 11.cxd5 exd5 12.Ba6 Bxa6 13.Qxa6 Ne4 14.Rac1 f5 15.Ne2
c5 16.Rfd1 Qc8 17.Qa3 Qb7 18.b3 Rac8 19.dxc5 bxc5 20.Bc3 d4 21.exd4 Nd5 
22.Be1 Qb5 23.Rc2 c4 24.bxc4 Rxc4 25.Rxc4 Qxc4 26.Qb2 a6 27.Rc1 Qb5 28.Qc2
Rb8 29.Ng3 Bh6 30.Rd1 Nd6 31.Qc5 Bf8 32.Rc1 Rc8 33.Qxb5 axb5 34.Rxc8 Nxc8 
35.Nf1 f4 36.g3 Nd6 37.Bd2 Ne4 38.gxf4 Nec3 39.f5 Nxa2 40.fxg6 b4 41.gxh7+
Kxh7 42.Ne3 b3 43.Nc4 Nb6 44.Nfe5 Na4 45.Nd3 Bg7 46.Be3 N2c3 47.Kf1 Nb5 
48.Ke2 Nxd4+ 49.Bxd4 Bxd4 1/2-1/2

[Event "7th EUR-ch"]
[Site "Kusadasi TUR"]
[Date "2006.04.14"]
[Round "10.39"]
[White "Sulskis, Sarunas"]
[Black "Sedlak, Nikola"]
[Result "1-0"]
[WhiteElo "2497"]
[BlackElo "2564"]
[EventDate "2006.04.04"]
[PlyCount "93"]

1.e4 e5 2.Nf3 d6 3.d4 exd4 4.Qxd4 a6 5.Bf4 Nc6 6.Qd2 Nge7 7.Nc3 Ng6 8.Bg3 
Be7 9.O-O-O O-O 10.h4 Nge5 11.Nxe5 dxe5 12.Qe3 Bd6 13.Bc4 Be6 14.Bxe6 fxe6
15.h5 Rf7 16.Kb1 Qf8 17.Ne2 a5 18.Qb3 Qc8 19.a4 Ra6 20.c3 Rb6 21.Qc4 Qe8 
22.Rd2 Rd7 23.Nc1 Nd8 24.f3 Rc6 25.Qb5 Rb6 26.Qe2 Nf7 27.Rhd1 Ra6 28.Nd3 
Rd8 29.b3 Raa8 30.c4 Qe7 31.Qf2 Qf8 32.Ka2 b6 33.Qg1 Bb4 34.Nxb4 Rxd2+ 35.
Rxd2 Qxb4 36.Qd1 Qe7 37.Bh2 Qh4 38.Bg1 Qxh5 39.c5 bxc5 40.Bxc5 Qg5 41.Qe1 
h5 42.Qe3 Qg6 43.Be7 Qg3 44.Qc3 h4 45.Qc6 Rc8 46.Qxe6 Re8 47.Bxh4 1-0

[Event "7th EUR-ch"]
[Site "Kusadasi TUR"]
[Date "2006.04.14"]
[Round "10.42"]
[White "Iljushin, Alexei"]
[Black "Heberla, Bartlomiej"]
[Result "1/2-1/2"]
[WhiteElo "2483"]
[BlackElo "2497"]
[EventDate "2006.04.04"]
[PlyCount "75"]

1.d4 g6 2.c4 Bg7 3.Nc3 c5 4.d5 d6 5.e4 e6 6.Nf3 Ne7 7.Be2 O-O 8.O-O exd5 
9.cxd5 a6 10.a4 Bg4 11.Bf4 Bxf3 12.Bxf3 Nc8 13.Qd2 Nd7 14.Bh6 Ne7 15.Bxg7 
Kxg7 16.Be2 f5 17.f4 Qa5 18.e5 dxe5 19.fxe5 Nxe5 20.Rae1 Nf7 21.Bxa6 Qxa6 
22.Rxe7 Rfe8 23.Rfe1 Rxe7 24.Rxe7 Kf8 25.d6 Qc4 26.Rxb7 Qd4+ 27.Qf2 Qxd6 
28.h3 Kg8 29.Qe2 Rd8 30.Kh1 Ng5 31.a5 Ne4 32.Nxe4 fxe4 33.a6 Qd3 34.Qf2 
Rf8 35.Qxc5 Qf1+ 36.Kh2 Qf4+ 37.Kh1 Qf1+ 38.Kh2 1/2-1/2

[Event "7th EUR-ch"]
[Site "Kusadasi TUR"]
[Date "2006.04.14"]
[Round "10.44"]
[White "Kovacevic, Blazimir"]
[Black "Rogic, Davor"]
[Result "1-0"]
[WhiteElo "2468"]
[BlackElo "2540"]
[EventDate "2006.04.04"]
[PlyCount "55"]

1.Nf3 d5 2.b3 Nc6 3.Bb2 Bg4 4.g3 Qd7 5.d3 O-O-O 6.Nbd2 Nf6 7.h3 Bf5 8.Bg2 
h5 9.c4 e6 10.a3 Ne8 11.b4 f6 12.Rc1 Kb8 13.Nb3 a6 14.cxd5 exd5 15.Nc5 
Bxc5 16.Rxc5 Be6 17.b5 axb5 18.Rxb5 Nd6 19.Rc5 Rhe8 20.h4 Qe7 21.Qc2 Nf5 
22.O-O Bc8 23.Re1 d4 24.Rxc6 bxc6 25.Nxd4 Nxd4 26.Bxd4 Rxd4 27.Qxc6 Qxa3 
28.Rb1+ 1-0

[Event "7th EUR-ch"]
[Site "Kusadasi TUR"]
[Date "2006.04.14"]
[Round "10.46"]
[White "Manca, Federico"]
[Black "Perez Candelario, Manuel"]
[Result "1/2-1/2"]
[WhiteElo "2417"]
[BlackElo "2511"]
[EventDate "2006.04.04"]
[PlyCount "72"]

1.e4 e5 2.Nf3 Nc6 3.d4 exd4 4.Nxd4 Nf6 5.Nxc6 bxc6 6.e5 Qe7 7.Qe2 Nd5 8.c4
Ba6 9.g3 g5 10.Bg2 Bg7 11.O-O O-O-O 12.Re1 Nb6 13.b3 Rhe8 14.Bb2 f6 15.a4 
fxe5 16.Nc3 Kb8 17.a5 Nd5 18.Nxd5 cxd5 19.Bxd5 c6 20.Bg2 d5 21.Qc2 e4 22.
Rad1 Bxb2 23.Qxb2 Rd6 24.cxd5 cxd5 25.Qd4 Rdd8 26.Re3 Qc7 27.f3 exf3 28.
Rxe8 Rxe8 29.Bxf3 Qxa5 30.b4 Qb6 31.Qxb6+ axb6 32.Rxd5 Bb7 33.Rf5 Bxf3 34.
Rxf3 Re4 35.Rf7 h5 36.Rf5 h4 1/2-1/2

[Event "7th EUR-ch"]
[Site "Kusadasi TUR"]
[Date "2006.04.14"]
[Round "10.48"]
[White "Mastrovasilis, Athanasios"]
[Black "Safarli, Eltaj"]
[Result "1-0"]
[WhiteElo "2508"]
[BlackElo "2417"]
[EventDate "2006.04.04"]
[PlyCount "99"]

1.d4 Nf6 2.c4 e6 3.Nc3 Bb4 4.e3 O-O 5.Bd3 c5 6.Nf3 d5 7.O-O dxc4 8.Bxc4 
cxd4 9.exd4 b6 10.Bg5 Bb7 11.Rc1 Nbd7 12.Re1 Rc8 13.Bd3 h6 14.Bh4 Bxc3 15.
bxc3 Qc7 16.Bg3 Qc6 17.c4 Ba6 18.h3 Qa8 19.Qe2 Bb7 20.Bd6 Rfd8 21.c5 bxc5 
22.dxc5 Bxf3 23.gxf3 Qd5 24.Red1 Qg5+ 25.Kh2 Nxc5 26.f4 Qh4 27.Rxc5 Rxc5 
28.Bxc5 Qxf4+ 29.Kh1 Rd5 30.Be3 Qh4 31.Qf3 a5 32.Bf1 Qa4 33.Rc1 Qa3 34.
Rc8+ Kh7 35.Qe2 Qb4 36.Qc2+ g6 37.Qc3 Qe4+ 38.Bg2 Rd1+ 39.Kh2 Qf5 40.Qc5 
Nd5 41.Qf8 Qe5+ 42.f4 Qg7 43.Bxd5 Rxd5 44.Qxg7+ Kxg7 45.a4 Rd3 46.Rc3 Rd1 
47.Rc5 Rd3 48.Bf2 Kf6 49.Bh4+ Kg7 50.Rxa5 1-0

[Event "7th EUR-ch"]
[Site "Kusadasi TUR"]
[Date "2006.04.14"]
[Round "10.49"]
[White "Seeman, Tarvo"]
[Black "Stevic, Hrvoje"]
[Result "0-1"]
[WhiteElo "2412"]
[BlackElo "2502"]
[EventDate "2006.04.04"]
[PlyCount "114"]

1.Nf3 c5 2.e4 d6 3.d4 cxd4 4.Nxd4 Nf6 5.Nc3 e6 6.Be3 Nc6 7.Qd2 Be7 8.f3 a6
9.O-O-O O-O 10.h4 Nxd4 11.Qxd4 b5 12.h5 e5 13.Qd2 Be6 14.Kb1 Qc7 15.g4 d5 
16.Qh2 b4 17.Nxd5 Nxd5 18.exd5 Rfd8 19.Bd3 Rxd5 20.Be4 Rxd1+ 21.Rxd1 Rd8 
22.Rxd8+ Bxd8 23.Qd2 a5 24.Qd3 h6 25.Qb5 Bd7 26.Qa6 Kf8 27.b3 Qc3 28.Qd6+ 
Ke8 29.Bd2 Qc7 30.Qa6 Bg5 31.Be1 Qc5 32.Qe2 Be3 33.a3 Bd4 34.Qc4 Qxc4 35.
bxc4 Bc3 36.Bf2 bxa3 37.Be3 Be6 38.Bc5 Bb4 39.Bc6+ Kd8 40.Bb6+ Ke7 41.Bd5 
Kd6 42.Bxe6 Kxe6 43.Ka2 Bf8 44.Bxa5 g6 45.Bd2 gxh5 46.gxh5 f5 47.c5 Bxc5 
48.Bxh6 Kf6 49.Bd2 f4 50.Ba5 Kg5 51.Bc7 e4 52.h6 exf3 53.h7 Bd4 54.Bb6 Bb2
55.Bc5 Kg6 56.h8=Q Bxh8 57.Kxa3 Bc3 0-1

[Event "7th EUR-ch"]
[Site "Kusadasi TUR"]
[Date "2006.04.14"]
[Round "10.52"]
[White "Guliev, Sarhan"]
[Black "Logothetis, Sotirios"]
[Result "1/2-1/2"]
[WhiteElo "2484"]
[BlackElo "2298"]
[EventDate "2006.04.04"]
[PlyCount "80"]

1.d4 d5 2.c4 e6 3.Nc3 Bb4 4.Nf3 Nf6 5.Bg5 O-O 6.e3 c5 7.cxd5 exd5 8.dxc5 
Nbd7 9.Be2 Qa5 10.O-O Bxc3 11.bxc3 Qxc5 12.Qd4 Ne4 13.Rfc1 b6 14.Bf4 Bb7 
15.Bd3 Rfd8 16.Qa4 Qe7 17.Bf1 Ndc5 18.Qd1 Rac8 19.Be5 a6 20.Bd4 b5 21.Nd2 
Na4 22.Nxe4 dxe4 23.c4 Nb2 24.Qg4 Rxd4 25.exd4 bxc4 26.Rab1 Nd3 27.Rc2 g6 
28.h4 Rc7 29.h5 f5 30.Qg3 f4 31.Qg4 Kg7 32.Rxb7 Rxb7 33.Rxc4 Rc7 34.Rxc7 
Qxc7 35.hxg6 hxg6 36.Qe6 Qc2 37.Qe7+ Kg8 38.Qe8+ Kg7 39.Qe7+ Kg8 40.Qe8+ 
Kg7 1/2-1/2

[Event "7th EUR-ch"]
[Site "Kusadasi TUR"]
[Date "2006.04.14"]
[Round "10.53"]
[White "Weiss, Christian"]
[Black "Saric, Ivan"]
[Result "1-0"]
[WhiteElo "2437"]
[BlackElo "2393"]
[EventDate "2006.04.04"]
[PlyCount "83"]

1.d4 Nf6 2.c4 g6 3.Nc3 Bg7 4.Nf3 O-O 5.Bg5 d6 6.e3 c5 7.h3 Bf5 8.Bd3 cxd4 
9.exd4 Qd7 10.O-O Nc6 11.Re1 h6 12.Be3 Rac8 13.Bf1 g5 14.d5 Na5 15.Nd2 b6 
16.b4 Nb7 17.Nb5 Ra8 18.Nd4 Bg6 19.Be2 a5 20.a3 b5 21.bxa5 bxc4 22.Bxc4 
Nxa5 23.Ba2 Qb7 24.Qf3 Nd7 25.Rab1 Ne5 26.Qg3 Bxb1 27.Rxb1 Qd7 28.f4 gxf4 
29.Bxf4 Ng6 30.Be3 Rac8 31.Rf1 Qa4 32.Nf5 Qxa3 33.Nxg7 Qxa2 34.Nf5 Kh7 35.
Nxh6 Qxd5 36.Rf5 Rc1+ 37.Kh2 Qd3 38.Rh5 Qe2 39.Qg5 Rc5 40.Nf5+ Qxh5 41.
Qxh5+ Kg8 42.Bxc5 1-0

[Event "7th EUR-ch"]
[Site "Kusadasi TUR"]
[Date "2006.04.14"]
[Round "10.54"]
[White "Vuilleumier, Alex"]
[Black "Godena, Michele"]
[Result "0-1"]
[WhiteElo "2354"]
[BlackElo "2537"]
[EventDate "2006.04.04"]
[PlyCount "60"]

1.d4 Nf6 2.c4 e6 3.g3 d5 4.Bg2 Bb4+ 5.Bd2 Be7 6.Nf3 O-O 7.O-O c6 8.Nc3 
Nbd7 9.Qc2 dxc4 10.e4 e5 11.d5 Qc7 12.Rad1 Rd8 13.Bg5 h6 14.Bc1 Nb6 15.
dxc6 Rxd1 16.Rxd1 bxc6 17.Na4 Be6 18.Nd2 Rd8 19.Bf1 Nxa4 20.Qxa4 Rd4 21.
Qc2 Qd8 22.Re1 Bb4 23.Re2 Bg4 24.Nxc4 Bxe2 25.Bxe2 Qc7 26.Ne3 Bf8 27.Nf5 
Rxe4 28.Bd3 Re1+ 29.Kg2 Qd7 30.Be4 Rxc1 0-1